000 01086nam a2200205Ia 4500
999 _c36150
_d36150
001 2052
003 GE_BSU
005 20190507122240.0
008 181216s2002||||ge |||||||||||||| ||geo||
040 _cGE_BSU
041 _ageo
080 _a371(075.8) ბ–65
100 _aბიბილეიშვილი, ლუბა
_9858
245 _aსოციალური პედაგოგიკა :
_bდამხმარე სახელმძღვანელო ფიზიკური აღზრდის და სპორტის აკადემიის სტუდენტებისა, მაგისტრებისა და ასპირანტებისათვის /
_cლუბა ბიბილეიშვილი ; მამია ტუღუში.
264 _aთბილისი :
_c[გ.გ.],
_b2002.
300 _a156 გვ.;
_b19 სმ.
653 _aსოციალური პედაგოგიკა
700 _aტუღუში , მამია
_eავტორი.
_9859
942 _cBK
_2udc